Les 10 Résaux sociaux les plus utilisés dans le Monde - Statistiques

Statistiques générales
  • Ce quiz a été pris 522 fois
  • Le résultat moyen est 6 sur 10
Statistiques - réponses
Placement
Nombre de fréquentations
Réseau Social % Correct
4 2,00 Milliards Instagram
98%
10 750 Millions Snapchat
96%
1 3,49 Milliards Facebook
94%
5 1,56 Milliards TikTok
90%
3 2,00 Milliards WhatsApp
70%
2 2,49 Milliards YouTube
60%
7 979 Millions Messenger
44%
8 800 Millions Telegram
32%
6 1,33 Milliards WeChat
6%
9 752 Millions Douyin
1%
Aucun quiz correspondant
Distribution des résultats
% des personnes avec chaque résultat
Percentile par nombre de réponses
Votre historique - résultats
Vous n’avez pas pris ce quiz